000 00598nam a2200217 454500
001 033856
003 BD-ChCU
008 Eng
020 _ax
040 _aDLC
_cDLC
_dBD-ChCU
082 0 0 _a181.4/H673
100 1 _aWard, William.
_bx
245 1 0 _aHistory, lioterature, and mythology of the Hindoos
_bIncluding a minute description of their manners a-nd cistos, and translations from their principal works
250 _a3
260 _aDelhi
_bBR. Pub.
_c1985
300 _ax
504 _ax
650 0 _aPhiisophy, Hindoos
_bPhiisophy, Hindoos
700 1 _ax
942 _2ddc
_cBK
999 _c33856
_d33856